Movies Quiz

Random Movies or Actor Quiz

Ben Affleck Movies Quiz Stats

 Plays Quiz Updated Jan 1, 2021

Support Sporcle.
Go Orange.
Score 0/47 Timer 06:00
0 Plays Today
Year Film % Correct
1997Good Will Hunting
78.1%
2016Batman v Superman: Dawn of Justice
71.4%
2012Argo
70.1%
2017Justice League
60.5%
2003Daredevil
59.1%
2001Pearl Harbor
57.9%
2014Gone Girl
57.9%
1999Dogma
56.1%
2003Gigli
55.6%
1997Chasing Amy
45.5%
1998Armageddon
45.3%
2003Jersey Girl
44.3%
2001Jay and Silent Bob Strike Back
43.3%
1995Mallrats
40.7%
2019Jay and Silent Bob Reboot
38.8%
2002The Sum of All Fears
37.1%
2016The Accountant
32.8%
2010The Town
31%
2000Reindeer Games
29.9%
1993Dazed and Confused
29.2%
2006Hollywoodland
25.1%
2003Paycheck
24.1%
2009He's Just Not That Into You
21.6%
1992School Ties
20.5%
Year Film % Correct
2002Changing Lanes
20.3%
2000Bounce
18.2%
2020The Way Back
18.2%
2009State of Play
17.9%
2016Live by Night
16.6%
1999Forces of Nature
16.5%
2013Runner Runner
16.3%
1998Shakespeare in Love
15.2%
2019Triple Frontier
14.8%
2004Surviving Christmas
14.1%
2000Boiler Room
14%
2010The Company Men
13.5%
1998Phantoms
13%
2009Extract
12.7%
2006Smokin' Aces
12.5%
2012To the Wonder
9.9%
2020The Last Thing He Wanted
8.8%
1999200 Cigarettes
8.6%
1995Glory Daze
7.7%
2006Man About Town
5.5%
1997Going All the Way
4.8%
2002The Third Wheel
4.7%
2001Daddy & Them
4.4%

From the Vault

28 Ways Not to Gather 'Moss'

by timmylemoine1

Rolling stones avoid these things too.
Remove Ads.
Support Sporcle.
Get the best of Sporcle when you Go Orange. This ad-free experience offers more features, more stats, and more fun while also helping to support Sporcle. Thank you for becoming a member.

Show Comments

Extras

Top Quizzes Today


Score Distribution

Your Account Isn't Verified!

In order to create a playlist on Sporcle, you need to verify the email address you used during registration. Go to your Sporcle Settings to finish the process.

Report this User

Report this user for behavior that violates our Community Guidelines.

Details: